[Event "Hamarturneringen 2018"]
[Site "Hamar"]
[Date "2018.09.06"]
[Round "1"]
[White "Ørsleie, Sivert Nikolai"]
[Black "Kristiansen, Ole-Jakob"]
[Result "0-1"]
[WhiteElo "1400"]
[BlackElo "1977"]
[PlyCount "100"]
[EventDate "2018.??.??"]

1. d4 g6 2. e4 Bg7 3. Nf3 c5 4. Be3 Nf6 5. Nc3 Qa5 6. Qd2 cxd4 7. Nxd4 Nc6 8.
Nb3 Qd8 9. Bc4 O-O 10. O-O a6 11. a4 Ng4 12. Bg5 Qc7 13. Bf4 Be5 14. Nd5 Qd6
15. Rad1 Bxf4 16. Nxf4 Qc7 17. h3 Nf6 18. Rfe1 Ne5 19. Bf1 d6 20. Nd5 Nxd5 21.
exd5 Re8 22. Nc1 Bf5 23. c3 Rac8 24. Qf4 e6 25. g4 Bc2 26. Rd2 Bb1 27. Bg2 Nc4
28. Rde2 e5 29. Qg3 g5 30. b3 Nb6 31. c4 Bg6 32. Qe3 h6 33. Be4 Bxe4 34. Qxe4
Nd7 35. Qf5 Nf8 36. Re3 Qe7 37. Ne2 Kg7 38. Rf3 Ng6 39. Ng3 Nf4 40. Rxf4 gxf4
41. Nh5+ Kf8 42. Nxf4 Qg5 43. Ne6+ Rxe6 44. dxe6 Qxf5 45. gxf5 fxe6 46. Rd1 Ke7
47. f6+ Kd7 48. f7 Rf8 49. c5 d5 50. Re1 e4
0-1

[Event "Hamarturneringen 2018"]
[Site "Hamar"]
[Date "2018.09.06"]
[Round "1"]
[White "Hoel, Ole"]
[Black "Græsby, Marius"]
[Result "1-0"]
[WhiteElo "1808"]
[BlackElo "1393"]
[PlyCount "53"]
[EventDate "2018.??.??"]

1. d4 Nf6 2. c4 e6 3. Nc3 Bb4 4. Bg5 O-O 5. e3 d5 6. Nf3 b6 7. Bd3 Nbd7 8. O-O
Bb7 9. Rc1 Be7 10. cxd5 Nxd5 11. Bxe7 Qxe7 12. Nxd5 Bxd5 13. Rxc7 Rfc8 14. Qc2
Rxc7 15. Qxc7 Bxf3 16. gxf3 h5 17. Rc1 h4 18. Kf1 f5 19. Rc6 Kf7 20. Bc4 Nf8
21. Qe5 Rd8 22. Qxf5+ Qf6 23. Rc7+ Ke8 24. Qh5+ g6 25. Bb5+ Nd7 26. Qh7 Qe7 27.
Qg8+
1-0

[Event "Hamarturneringen 2018"]
[Site "Hamar"]
[Date "2018.09.06"]
[Round "1"]
[White "Tøstibakken, Odd N"]
[Black "Ormåsen, Steinar"]
[Result "0-1"]
[WhiteElo "1383"]
[BlackElo "1771"]
[PlyCount "98"]
[EventDate "2018.??.??"]

1. e4 d6 2. d4 Nf6 3. Nc3 g6 4. Bc4 Bg7 5. Nge2 O-O 6. O-O c6 7. Re1 Nbd7 8.
Bf4 b5 9. Bb3 b4 10. e5 dxe5 11. dxe5 Nh5 12. Na4 Nxe5 13. Qd2 Nxf4 14. Qxf4
Qa5 15. Rad1 Ba6 16. Nd4 Rac8 17. Nf3 Nxf3+ 18. Qxf3 c5 19. c3 Bb5 20. cxb4
Qxb4 21. Nc3 Bc6 22. Nd5 Bxd5 23. Qxd5 e6 24. Qc4 Bxb2 25. Rb1 Qc3 26. Re3 Qxc4
27. Bxc4 Bd4 28. Reb3 Rc7 29. g4 Bf6 30. Kg2 Rd8 31. Rb7 Rxb7 32. Rxb7 Rd4 33.
Bb5 Rxg4+ 34. Kf3 Rb4 35. a4 c4 36. Rxa7 c3 37. Rc7 Be5 38. Rc8+ Kg7 39. h3 Rb2
40. Bd3 Bd4 41. Ke4 Rb4 42. Bb5 Bxf2+ 43. Kd3 Bd4 44. Bd7 Be5 45. a5 Rd4+ 46.
Kxc3 Rxd7+ 47. Kc4 Rc7+ 48. Rxc7 Bxc7 49. a6 Bb6
0-1

[Event "Hamarturneringen 2018"]
[Site "Hamar"]
[Date "2018.09.06"]
[Round "1"]
[White "Nilsen, Thomas"]
[Black "Flermoen, Markus"]
[Result "1-0"]
[WhiteElo "1710"]
[BlackElo "1704"]
[PlyCount "89"]
[EventDate "2018.??.??"]

1. d4 e6 2. c4 d5 3. Nc3 c5 4. e3 Nf6 5. Nf3 Nc6 6. Bd3 Bd7 7. O-O dxc4 8. Bxc4
Bd6 9. a3 cxd4 10. exd4 Ne7 11. Bg5 Ng6 12. Re1 O-O 13. Ne5 Qc7 14. Qe2 a6 15.
h3 Rfe8 16. Bxf6 gxf6 17. Nxd7 Qxd7 18. Qf3 Qc6 19. Qxc6 bxc6 20. Ne4 Be7 21.
b4 Red8 22. Red1 f5 23. Nc5 a5 24. Nb7 Rd7 25. Nxa5 Rc8 26. Nb3 Bf6 27. Rac1
Rcd8 28. Be2 Bxd4 29. Nxd4 Rxd4 30. Rxd4 Rxd4 31. Rxc6 Nf4 32. Rc2 Kg7 33. Kf1
Kf6 34. Rb2 Nd5 35. b5 Nc3 36. b6 Rd8 37. b7 Rb8 38. Bf3 Na4 39. Rb4 Nc3 40. a4
Nd5 41. Bxd5 exd5 42. a5 Ke7 43. a6 Kd7 44. a7 Kc7 45. a8=Q
1-0

[Event "Hamarturneringen 2018"]
[Site "Hamar"]
[Date "2018.09.13"]
[Round "1"]
[White "Brobakken, Vidar"]
[Black "Storli, Frode"]
[Result "0-1"]
[WhiteElo "1354"]
[BlackElo "1564"]
[PlyCount "26"]
[EventDate "2018.??.??"]

1. e4 e5 2. Nf3 Nf6 3. Nc3 Nc6 4. d4 exd4 5. Nxd4 Nxd4 6. Qxd4 d6 7. Bc4 h6 8.
O-O Be7 9. f4 O-O 10. Bd2 b6 11. Rae1 d5 12. Qd3 dxc4 13. Qe3 Bc5
0-1

[Event "Hamarturneringen 2018"]
[Site "Hamar"]
[Date "2018.09.06"]
[Round "1"]
[White "Brobakken, Jørgen"]
[Black "Søberg, Trond"]
[Result "1-0"]
[WhiteElo "1541"]
[BlackElo "1249"]
[PlyCount "55"]
[EventDate "2018.??.??"]

1. d4 Nf6 2. f4 g6 3. e3 Bg7 4. Bd3 e6 5. Nf3 d5 6. Nbd2 Nc6 7. c3 a6 8. O-O
Bd7 9. Ne5 Qe7 10. a4 O-O 11. Qe1 Nh5 12. g4 Bxe5 13. gxh5 Bf6 14. hxg6 Bh4 15.
gxh7+ Kh8 16. Qe2 f5 17. Kh1 Qxh7 18. Rg1 Rg8 19. Rxg8+ Rxg8 20. Nf3 Be8 21.
Bd2 Bh5 22. Qf1 Bxf3+ 23. Qxf3 Bg3 24. Qe2 Rg4 25. Rg1 Ne7 26. Be1 Bxe1 27.
Rxg4 fxg4 28. Bxh7
1-0

[Event "Hamarturneringen 2018"]
[Site "Hamar"]
[Date "2018.09.06"]
[Round "1"]
[White "Ulekleiv, Jan Ivar"]
[Black "Bjørtomt, Erling"]
[Result "1-0"]
[WhiteElo "1677"]
[BlackElo "1497"]
[PlyCount "77"]
[EventDate "2018.??.??"]

1. e4 c5 2. Nf3 Nc6 3. Bb5 e6 4. Bxc6 bxc6 5. O-O Nf6 6. d3 Be7 7. b3 d6 8. e5
dxe5 9. Nxe5 Qc7 10. Bb2 Bd6 11. Re1 O-O 12. Nd2 Bxe5 13. Bxe5 Qd8 14. Nc4 Nd7
15. Bd6 Re8 16. Qf3 Bb7 17. Qg3 Ba6 18. Nd2 Qf6 19. Ne4 Qg6 20. Qe3 e5 21. Bxc5
Nxc5 22. Nxc5 Bc8 23. Kh1 Rb8 24. Qd2 Rb5 25. Qc3 Qd6 26. d4 f6 27. a4 Rb8 28.
f4 Bf5 29. dxe5 fxe5 30. fxe5 Qg6 31. Re2 Rbd8 32. Rae1 Rd5 33. Nb7 Qe6 34. Nd6
Rf8 35. Qxc6 Bg4 36. Re4 Bf5 37. Nxf5 Qxf5 38. Qxd5+ Kh8 39. Qd4
1-0

[Event "Hamarturneringen 2018"]
[Site "Hamar"]
[Date "2018.09.13"]
[Round "1"]
[White "Mouawad, Jad"]
[Black "Bjørnstad, Niklas Eriksen"]
[Result "0-1"]
[WhiteElo "1330"]
[BlackElo "1537"]
[PlyCount "88"]
[EventDate "2018.??.??"]

1. d4 Nf6 2. c4 c6 3. Nf3 d5 4. Bg5 dxc4 5. Bxf6 exf6 6. e4 Bb4+ 7. Nc3 Bg4 8.
Be2 O-O 9. O-O Re8 10. Nd2 Bxe2 11. Nxe2 Bxd2 12. Qxd2 Rxe4 13. Rfe1 Nd7 14.
Qc2 Qe7 15. Qxc4 Re8 16. Kf1 Nb6 17. Qd3 Nd5 18. g3 f5 19. Qd2 Qb4 20. Nc3 Qc4+
21. Kg1 Nxc3 22. bxc3 Re2 23. Rxe2 Rxe2 24. Qf4 g6 25. Qf3 Kg7 26. h4 Rxa2 27.
Rxa2 Qxa2 28. h5 Qb1+ 29. Kh2 Qe4 30. Qd1 Qg4 31. Qe1 Qxh5+ 32. Kg2 f4 33. gxf4
Qg4+ 34. Kf1 Qxf4 35. Qe7 Qb8 36. Ke2 a5 37. Kf3 a4 38. Kg4 Qc8+ 39. Kf4 Qf5+
40. Kg3 b5 41. f3 Qe6 42. Qc7 a3 43. Qa5 a2 44. Qa3 Qe1+
0-1

[Event "Hamarturneringen 2018"]
[Site "Hamar"]
[Date "2018.09.20"]
[Round "2"]
[White "Storli, Frode"]
[Black "Madagov, Lom"]
[Result "0-1"]
[WhiteElo "1564"]
[BlackElo "2052"]
[PlyCount "98"]
[EventDate "2018.??.??"]

1. d4 c5 2. e3 Nf6 3. c3 cxd4 4. exd4 g6 5. Nf3 Bg7 6. Bd3 O-O 7. O-O Nc6 8. h3
d6 9. Bf4 a6 10. Re1 Bd7 11. Nbd2 Qc8 12. Ne4 Nd5 13. Bg3 b5 14. a4 bxa4 15.
Rxa4 Nb6 16. Ra1 Be6 17. Qe2 a5 18. Bh4 h6 19. Bb5 Ra7 20. g4 Nd5 21. Bg3 Nb6
22. Nh4 Bd5 23. Bd3 Qd7 24. Ng2 e5 25. dxe5 dxe5 26. Ne3 Be6 27. Bb5 Qc7 28.
Nc5 Bc8 29. Red1 Ne7 30. Ne4 Bb7 31. Nd6 Ba8 32. Nec4 f6 33. Nxb6 Qxb6 34. Bc4+
Kh7 35. Ne4 Qc6 36. f3 f5 37. Rd6 Qc7 38. gxf5 Bxe4 39. fxg6+ Bxg6 40. Re6 Nf5
41. Bf2 Rb7 42. Bd3 Qd7 43. Ra6 Ne7 44. Bxg6+ Nxg6 45. Qe4 Rf6 46. R6xa5 Rxb2
47. Rxe5 Rf4 48. Rd5 Qxh3 49. Qe8 Qxf3
0-1

[Event "Hamarturneringen 2018"]
[Site "Hamar"]
[Date "2018.09.20"]
[Round "2"]
[White "Madagov, Ibragim"]
[Black "Hoel, Ole"]
[Result "0-1"]
[WhiteElo "1560"]
[BlackElo "1808"]
[PlyCount "50"]
[EventDate "2018.??.??"]

1. e4 d5 2. exd5 Nf6 3. Bb5+ c6 4. dxc6 bxc6 5. Be2 e5 6. d3 Bd6 7. Nc3 O-O 8.
Nf3 Re8 9. Bg5 Bc7 10. Ne4 Nbd7 11. Nfd2 Rb8 12. Nxf6+ gxf6 13. Bh6 f5 14. g4
Qh4 15. Be3 e4 16. gxf5 exd3 17. Rg1+ Kh8 18. Nf3 Qb4+ 19. c3 Qxb2 20. Bxd3 f6
21. Kf1 Qa3 22. Nd4 Ne5 23. Bc2 Ba6+ 24. Ke1 Qxc3+ 25. Bd2 Nf3#
0-1

[Event "Hamarturneringen 2018"]
[Site "Hamar"]
[Date "2018.09.20"]
[Round "2"]
[White "Bjørnstad, Niklas Eriksen"]
[Black "Nilsen, Thomas"]
[Result "1/2-1/2"]
[WhiteElo "1537"]
[BlackElo "1710"]
[PlyCount "121"]
[EventDate "2018.??.??"]

1. d4 Nf6 2. c4 e6 3. Nc3 Bb4 4. Qc2 c5 5. dxc5 Bxc5 6. Nf3 Nc6 7. Bg5 Be7 8.
e4 d6 9. Be2 a6 10. Rd1 Qc7 11. O-O O-O 12. Nd4 e5 13. Nf5 Bxf5 14. exf5 Nd4
15. Qd3 Rac8 16. Bxf6 Bxf6 17. Nd5 Qd8 18. b3 Re8 19. Qe4 b5 20. Bd3 g6 21.
fxg6 hxg6 22. Nxf6+ Qxf6 23. h4 Kg7 24. cxb5 axb5 25. h5 Rh8 26. hxg6 Rh4 27.
f4 Rch8 28. g3 Rg4 29. Kg2 Rxg3+ 30. Kf2 Rf3+ 31. Ke1 Qh4+ 32. Kd2 Rf2+ 33. Kc1
Qxf4+ 34. Qxf4 Rxf4 35. gxf7 Rxf1 36. Rxf1 Rf8 37. Kb2 Rxf7 38. Rxf7+ Kxf7 39.
a4 bxa4 40. bxa4 Nc6 41. Be4 Na7 42. Bb7 Ke7 43. Kc3 Kd7 44. Kc4 Kc7 45. Ba8
Kb6 46. Kd5 Nc8 47. Ke6 Kc5 48. a5 Na7 49. a6 Nb5 50. Kf5 Kb6 51. Bb7 Nc7 52.
Ke4 Nxa6 53. Bd5 Kc5 54. Bb7 Nb4 55. Ba8 Nc6 56. Bb7 d5+ 57. Ke3 e4 58. Ba8 Nb4
59. Bb7 Kc4 60. Ba8 Kc3 61. Bxd5
1/2-1/2

[Event "Hamarturneringen 2018"]
[Site "Hamar"]
[Date "2018.09.20"]
[Round "2"]
[White "Slettmoen, Markus"]
[Black "Brobakken, Jørgen"]
[Result "1-0"]
[WhiteElo "1704"]
[BlackElo "1541"]
[PlyCount "103"]
[EventDate "2018.??.??"]

1. e4 d5 2. exd5 Qxd5 3. Qf3 Qxf3 4. Nxf3 Nf6 5. Nc3 Bf5 6. Nb5 Kd8 7. Bc4 e6
8. O-O a6 9. Nbd4 Bg6 10. d3 Bd6 11. Bg5 Nbd7 12. Rfe1 h6 13. Bh4 c6 14. Bxe6
fxe6 15. Nxe6+ Kc8 16. Nxg7 Rg8 17. Ne6 Bh5 18. Nd2 Nd5 19. Nd4 Bb4 20. N4b3
Bd6 21. Re6 Bf4 22. Rae1 Kc7 23. a3 Bg4 24. R6e4 Bf5 25. Rxf4 Nxf4 26. Bg3 Rxg3
27. hxg3 Nd5 28. Nd4 Bh7 29. Ne6+ Kb6 30. c4 N5f6 31. c5+ Ka7 32. d4 Re8 33.
Nf3 Bg8 34. Ng7 Rxe1+ 35. Nxe1 Bh7 36. Nf3 Ng4 37. Ne8 Bg6 38. Nd6 b6 39. cxb6+
Kxb6 40. Nd2 Ndf6 41. N6c4+ Kb5 42. f3 Bd3 43. Nd6+ Ka4 44. fxg4 Nxg4 45. Nb7
Bb5 46. Nc5+ Ka5 47. Nd7 Bd3 48. Ne5 Nxe5 49. dxe5 Bf5 50. Kf2 Kb5 51. Ke3 Kc5
52. Kf4
1-0

[Event "Hamarturneringen 2018"]
[Site "Hamar"]
[Date "2018.09.20"]
[Round "2"]
[White "Græsby, Marius"]
[Black "Ulekleiv, Jan Ivar"]
[Result "0-1"]
[WhiteElo "1393"]
[BlackElo "1677"]
[PlyCount "94"]
[EventDate "2018.??.??"]

1. e4 c5 2. Nf3 d6 3. c3 Nf6 4. Be2 Nc6 5. d4 e6 6. d5 exd5 7. exd5 Ne7 8. c4
Ng6 9. O-O Be7 10. Nbd2 O-O 11. Bd3 Nf4 12. Bc2 Bg4 13. Re1 Qd7 14. Ne4 Ng6 15.
Nxf6+ Bxf6 16. Qd3 Rfe8 17. Bd2 Bxb2 18. Rab1 Bf6 19. Bg5 Bxf3 20. Bxf6 Bh5 21.
Bc3 Nf8 22. Qg3 Bg6 23. h4 f6 24. Bxg6 Nxg6 25. h5 Ne5 26. h6 b6 27. Re4 Re7
28. Rbe1 Rae8 29. f4 Ng6 30. Rxe7 Rxe7 31. hxg7 Rxe1+ 32. Qxe1 Kxg7 33. Qg3 Qf5
34. Bd2 Kf7 35. Qh2 Kg8 36. Qg3 Kf8 37. Qe3 Qb1+ 38. Kh2 Qxa2 39. f5 Ne5 40.
Qh6+ Kg8 41. Kh3 Qb3+ 42. g3 Qxc4 43. Qxf6 Qg4+ 44. Kg2 Qf3+ 45. Kg1 Qd1+ 46.
Kg2 Qxd2+ 47. Kh3 Qh2+
0-1

[Event "Hamarturneringen 2018"]
[Site "Hamar"]
[Date "2018.09.20"]
[Round "2"]
[White "Torp, Elliot Sveum"]
[Black "Tøstibakken, Odd N"]
[Result "1/2-1/2"]
[WhiteElo "1458"]
[BlackElo "1383"]
[PlyCount "74"]
[EventDate "2018.??.??"]

1. e4 d5 2. exd5 Qxd5 3. Nc3 Qa5 4. d4 c6 5. Bd2 Qc7 6. Bc4 Bf5 7. Nge2 e6 8.
Bf4 Bd6 9. Bg3 Nf6 10. f3 Nbd7 11. Bxd6 Qxd6 12. Bd3 Bxd3 13. Qxd3 O-O 14. Ne4
Qb4+ 15. Qc3 Nd5 16. Qxb4 Nxb4 17. Kd2 a5 18. a3 Nd5 19. c4 N5f6 20. N2c3 Rfd8
21. Ke3 Rab8 22. Nxf6+ Nxf6 23. b4 axb4 24. axb4 b5 25. cxb5 cxb5 26. Ra5 Nd5+
27. Nxd5 Rxd5 28. Ra2 Kf8 29. Rc1 e5 30. Rd2 Rxd4 31. Rxd4 exd4+ 32. Kxd4 Rd8+
33. Ke3 Re8+ 34. Kf2 Re5 35. Rc7 Ke8 36. Rb7 g5 37. g3 Kf8
1/2-1/2

[Event "Hamarturneringen 2018"]
[Site "Hamar"]
[Date "2018.09.20"]
[Round "2"]
[White "Flermoen, Markus"]
[Black "Mouawad, Jad"]
[Result "0-1"]
[WhiteElo "1704"]
[BlackElo "1330"]
[PlyCount "56"]
[EventDate "2018.??.??"]

1. d4 Nf6 2. c4 d5 3. Nc3 Bg4 4. f3 Bf5 5. cxd5 Nxd5 6. Nxd5 Qxd5 7. e4 Bxe4 8.
fxe4 Qxe4+ 9. Ne2 e6 10. a3 Be7 11. Bf4 O-O 12. Qd2 Bh4+ 13. Bg3 Nc6 14. Bxh4
Qxh4+ 15. g3 Qe4 16. Rg1 Rad8 17. Bg2 Qg4 18. Qf4 Qg6 19. Bxc6 bxc6 20. Qxc7
Qe4 21. Qxa7 Qe3 22. Rd1 e5 23. Qc5 Rfe8 24. Qxc6 exd4 25. Rg2 d3 26. Qc4 dxe2
27. Rxd8 Rxd8 28. Rxe2 Qg1#
0-1

[Event "Hamarturneringen 2018"]
[Site "Hamar"]
[Date "2018.09.20"]
[Round "2"]
[White "Skaansar, Lasse"]
[Black "Røhne, Jørgen"]
[Result "1-0"]
[WhiteElo "1363"]
[BlackElo "1277"]
[PlyCount "71"]
[EventDate "2018.??.??"]

1. d4 d5 2. Nf3 Nc6 3. e3 Nf6 4. a3 e6 5. Be2 Bd6 6. O-O Bd7 7. c4 Ne4 8. cxd5
exd5 9. Qb3 Nf6 10. Qxb7 Rb8 11. Qa6 Rb6 12. Qd3 Qc8 13. Nc3 Bf5 14. Qd1 O-O
15. Na4 Rb8 16. Nc5 Re8 17. Qa4 Bxc5 18. Qxc6 Bd6 19. Ba6 Rb6 20. Bxc8 Rxc6 21.
Bxf5 g6 22. Bd3 Rb6 23. h3 c6 24. Rb1 Bxa3 25. bxa3 Rxb1 26. Bxb1 Rb8 27. Bc2
Nd7 28. Ne5 Nxe5 29. dxe5 Kf8 30. Bd2 Ke7 31. Bb4+ Ke6 32. f4 Rc8 33. Bc5 f6
34. Bd6 f5 35. Rb1 Rd8 36. Rb7
1-0

[Event "Hamarturneringen 2018"]
[Site "Hamar"]
[Date "2018.09.20"]
[Round "2"]
[White "Søberg, Trond"]
[Black "Frydendal, Odd"]
[Result "1/2-1/2"]
[WhiteElo "1249"]
[BlackElo "1403"]
[PlyCount "73"]
[EventDate "2018.??.??"]

1. e4 c6 2. Nc3 e5 3. Bc4 Nf6 4. d3 b5 5. Bb3 Qc7 6. h3 Bb7 7. Bg5 Be7 8. Nf3
a5 9. a4 b4 10. Nb1 Na6 11. Nbd2 O-O 12. Nc4 d6 13. Qe2 Nc5 14. Ncd2 Rfe8 15.
Bh4 Bd8 16. g4 Ne6 17. Bxe6 Rxe6 18. Ng5 Re8 19. b3 d5 20. O-O-O h6 21. Ngf3
Ba6 22. Bxf6 Bxf6 23. Rdg1 Qe7 24. h4 g6 25. g5 Bg7 26. h5 hxg5 27. Rxg5 Bh6
28. Rg2 g5 29. Nh4 Bc8 30. Qf3 Kh8 31. Nf5 Bxf5 32. Qxf5 Qe6 33. Qxe6 Rxe6 34.
f3 Rf8 35. Kd1 f5 36. Rf1 Ref6 37. Ke2
1/2-1/2

[Event "Hamarturneringen 2018"]
[Site "Hamar"]
[Date "2018.09.27"]
[Round "2"]
[White "Kristiansen, Ole-Jakob"]
[Black "Ormåsen, Steinar"]
[Result "1/2-1/2"]
[WhiteElo "1977"]
[BlackElo "1771"]
[PlyCount "137"]
[EventDate "2018.??.??"]

1. e4 e5 2. Nf3 Nf6 3. Nxe5 d6 4. Nf3 Nxe4 5. Nc3 Nxc3 6. bxc3 Be7 7. d4 O-O 8.
Be2 Bf6 9. O-O Re8 10. Be3 Nc6 11. Rb1 Na5 12. c4 Bg4 13. Qd3 c6 14. Rfe1 b6
15. Nd2 Qd7 16. Ne4 Be7 17. Bxg4 Qxg4 18. Bd2 Nb7 19. Ng3 d5 20. cxd5 cxd5 21.
Nf5 Bf8 22. Ne3 Qd7 23. Qb5 Rad8 24. Qxd7 Rxd7 25. Rb5 Red8 26. c3 Na5 27. Nf5
Nc4 28. Bf4 a6 29. Rbb1 b5 30. Re2 Rc8 31. Rbe1 Kh8 32. Ne7 Ra8 33. Nc6 f6 34.
Nb8 Rd8 35. Re8 Rxe8 36. Rxe8 Kg8 37. Rd8 Kf7 38. Rxd5 Nb6 39. Rh5 g6 40. Rxh7+
Ke6 41. Rb7 Nd5 42. Bg3 Nxc3 43. Rb6+ Kf5 44. Nxa6 Ne2+ 45. Kf1 Nxd4 46. f3 Rc8
47. Bc7 b4 48. g4+ Kg5 49. Kg2 Re8 50. Nxb4 Bc5 51. Nd3 Bxb6 52. Bxb6 Nc6 53.
Nf2 Ra8 54. Kg3 Kh6 55. Ne4 Kg7 56. Nc3 Ra3 57. Nd5 Rxa2 58. h4 Ra3 59. h5 Ne5
60. Ne3 gxh5 61. gxh5 Kh6 62. Ng4+ Kg5 63. Be3+ Kxh5 64. Nxf6+ Kg6 65. Nd5 Kf7
66. Kf4 Ng6+ 67. Ke4 Ra4+ 68. Bd4 Nf8 69. Nc3
1/2-1/2

[Event "Hamarturneringen 2018"]
[Site "Hamar"]
[Date "2018.09.27"]
[Round "2"]
[White "Bjørtomt, Erling"]
[Black "Brobakken, Vidar"]
[Result "1-0"]
[WhiteElo "1497"]
[BlackElo "1354"]
[PlyCount "77"]
[EventDate "2018.??.??"]

1. e4 e6 2. d4 d5 3. Nc3 Bb4 4. exd5 exd5 5. Nf3 Ne7 6. Be2 Nbc6 7. O-O Ng6 8.
Bb5 O-O 9. h3 Bf5 10. Ne2 Bd6 11. Bd3 Qd7 12. Bxf5 Qxf5 13. c3 Rfe8 14. Ng3 Qd7
15. Qd3 Nce7 16. Re1 Bxg3 17. fxg3 Qd6 18. Ne5 Nc6 19. Bf4 Nxf4 20. gxf4 f6 21.
Nxc6 bxc6 22. Qf3 Re7 23. Re3 Rae8 24. Rae1 c5 25. Rxe7 Rxe7 26. Rxe7 Qxe7 27.
Qxd5+ Kf8 28. Qxc5 Qxc5 29. dxc5 Ke7 30. f5 Kd7 31. b4 Kc6 32. c4 g6 33. fxg6
hxg6 34. Kf2 Kd7 35. Ke3 Ke6 36. Ke4 c6 37. a4 a6 38. b5 Kd7 39. g4
1-0

[Event "Hamarturneringen 2018"]
[Site "Hamar"]
[Date "2018.09.27"]
[Round "2"]
[White "Bakken, Svein Arne"]
[Black "Ørsleie, Sivert Nikolai"]
[Result "0-1"]
[WhiteElo "1437"]
[BlackElo "1400"]
[PlyCount "112"]
[EventDate "2018.??.??"]

1. e4 c5 2. Nf3 Nc6 3. Bb5 e6 4. Bxc6 bxc6 5. d3 g6 6. O-O Bg7 7. Nbd2 Ne7 8.
Re1 O-O 9. Nb3 d6 10. c3 Ba6 11. c4 Rb8 12. Rb1 Qc7 13. Bf4 Rfd8 14. Nxc5 Qa5
15. Nxa6 Qxa6 16. Bg5 Rd7 17. a3 Rxb2 18. Rxb2 Bxb2 19. Qd2 Qxa3 20. Bh6 Bg7
21. Rb1 Rd8 22. Bxg7 Kxg7 23. h3 c5 24. Rb7 Nc6 25. Qf4 Qa1+ 26. Kh2 Qf6 27.
Qg3 Qa1 28. Qf4 Qf6 29. Qg3 Nb4 30. Ng5 Rf8 31. Rxa7 h6 32. Nf3 Nxd3 33. Qxd6
Nxf2 34. Qxc5 Qf4+ 35. Kg1 Nxh3+ 36. gxh3 Qxf3 37. Qe5+ Kg8 38. Rc7 Qxh3 39.
Qf4 Qd3 40. c5 g5 41. Qe5 Qb1+ 42. Kg2 Qa2+ 43. Kg1 f6 44. Qd6 Qb1+ 45. Kf2
Qxe4 46. Qe7 Qh4+ 47. Kg2 Qg4+ 48. Kh2 Qh5+ 49. Kg3 Rf7 50. Rc8+ Kg7 51. Qe8
Kg6 52. Rc7 Kg7 53. Rc8 Kg6 54. Rc7 Qh4+ 55. Kg2 Qg4+ 56. Kh1 Qf3+
0-1

[Event "Hamarturneringen 2018"]
[Site "Hamar"]
[Date "2018.09.27"]
[Round "1"]
[White "Skaansar, Lasse"]
[Black "Torp, Elliot Sveum"]
[Result "0-1"]
[WhiteElo "1363"]
[BlackElo "1458"]
[PlyCount "48"]
[EventDate "2018.??.??"]

1. d4 d5 2. e3 Nf6 3. Nf3 Bg4 4. c4 e6 5. b3 Bd6 6. Ba3 O-O 7. Bxd6 Qxd6 8.
cxd5 exd5 9. Be2 Nbd7 10. h3 Bh5 11. Nbd2 Bg6 12. Nh4 Rae8 13. Nxg6 fxg6 14.
Rc1 c6 15. Qc2 Ne4 16. Nxe4 Rxe4 17. O-O Rh4 18. f4 Qe6 19. Rf3 g5 20. Rcf1
gxf4 21. Bd3 fxe3 22. Bf5 Qe7 23. Bxd7 Rxf3 24. Rxf3 e2
0-1

[Event "Hamarturneringen 2018"]
[Site "Hamar"]
[Date "2018.10.04"]
[Round "3"]
[White "Madagov, Lom"]
[Black "Slettmoen, Markus"]
[Result "1-0"]
[WhiteElo "2052"]
[BlackElo "1704"]
[PlyCount "83"]
[EventDate "2018.??.??"]

1. e4 e5 2. Nc3 Bc5 3. Bc4 d6 4. Na4 Bb6 5. Nxb6 axb6 6. Nf3 Nc6 7. O-O Nf6 8.
d3 Bg4 9. c3 O-O 10. Bg5 h6 11. Be3 Na5 12. Bb5 d5 13. h3 dxe4 14. dxe4 Qxd1
15. Raxd1 Bxf3 16. gxf3 Nc6 17. a3 Rad8 18. Ba4 Rxd1 19. Bxd1 Rd8 20. Bc2 Nh5
21. Rd1 Rxd1+ 22. Bxd1 Nf4 23. Kh2 g5 24. Kg3 Ne7 25. h4 Kg7 26. hxg5 hxg5 27.
a4 Nc6 28. b4 f6 29. Kg4 Kf7 30. Bb3+ Ke7 31. Bc4 Ne6 32. Kf5 Ng7+ 33. Kg6 Ne8
34. Bb5 Nd6 35. Bxc6 bxc6 36. a5 Nc8 37. Kg7 c5 38. axb6 cxb6 39. bxc5 bxc5 40.
Bxc5+ Ke6 41. Kg6 f5 42. exf5+
1-0

[Event "Hamarturneringen 2018"]
[Site "Hamar"]
[Date "2018.10.04"]
[Round "3"]
[White "Nilsen, Thomas"]
[Black "Kristiansen, Ole-Jakob"]
[Result "0-1"]
[WhiteElo "1710"]
[BlackElo "1977"]
[PlyCount "74"]
[EventDate "2018.??.??"]

1. d4 g6 2. c4 Bg7 3. e4 c5 4. Nf3 cxd4 5. Nxd4 Nc6 6. Nxc6 bxc6 7. Be2 d6 8.
O-O Nf6 9. Nc3 O-O 10. h3 Qa5 11. Bd2 Qb6 12. Rb1 Bb7 13. b4 Rfd8 14. Be3 Qc7
15. Qc2 a6 16. a4 d5 17. exd5 cxd5 18. Bc5 d4 19. Na2 Ne4 20. Bd3 Nxc5 21. bxc5
Rab8 22. Rb6 Ba8 23. Rfb1 Rbc8 24. Rxa6 Qxc5 25. Rab6 Qg5 26. Bf1 d3 27. Qb3
Be5 28. Rb5 d2 29. Nc3 Qf4 30. Rxe5 Qxe5 31. Rd1 Rb8 32. Qc2 Qd4 33. Nb5 Qf4
34. Qc3 Rbc8 35. Qe3 Qxe3 36. fxe3 Be4 37. Kf2 Bc2
0-1

[Event "Hamarturneringen 2018"]
[Site "Hamar"]
[Date "2018.10.04"]
[Round "3"]
[White "Hoel, Ole"]
[Black "Ulekleiv, Jan Ivar"]
[Result "1-0"]
[WhiteElo "1808"]
[BlackElo "1677"]
[PlyCount "75"]
[EventDate "2018.??.??"]

1. d4 d5 2. c4 Nc6 3. Nc3 e6 4. Nf3 Nf6 5. Bg5 Bb4 6. e3 h6 7. Bh4 g5 8. Bg3
Ne4 9. Qc2 Qe7 10. Bd3 f5 11. Be5 Rg8 12. h3 Qf7 13. Bh2 g4 14. hxg4 Rxg4 15.
Ne5 Nxe5 16. Bxe5 Rxg2 17. Bxe4 fxe4 18. Bg3 Bd7 19. O-O-O Bd6 20. Bxd6 cxd6
21. Rxh6 O-O-O 22. cxd5 Rxf2 23. Qb3 Qf3 24. Re1 exd5 25. Qxd5 Bc6 26. Qe6+ Kb8
27. d5 Rf1 28. Rxf1 Qxf1+ 29. Kc2 Qd3+ 30. Kb3 Bb5 31. Qxe4 Qf1 32. Qb4 Qf8 33.
Rh7 Bd7 34. Nb5 Bc8 35. Qd4 b6 36. Rxa7 Bb7 37. Qxb6 Rd7 38. Ra8+
1-0

[Event "Hamarturneringen 2018"]
[Site "Hamar"]
[Date "2018.10.04"]
[Round "3"]
[White "Ormåsen, Steinar"]
[Black "Bjørnstad, Niklas Eriksen"]
[Result "1/2-1/2"]
[WhiteElo "1771"]
[BlackElo "1537"]
[PlyCount "150"]
[EventDate "2018.??.??"]

1. e4 c6 2. d4 d5 3. exd5 cxd5 4. c4 Nf6 5. Nc3 Nc6 6. Nf3 Bg4 7. cxd5 Nxd5 8.
Bb5 e6 9. Qa4 Bxf3 10. Bxc6+ bxc6 11. Qxc6+ Ke7 12. gxf3 Rc8 13. Qa4 Qd7 14.
Qxd7+ Kxd7 15. Nxd5 exd5 16. Bd2 Bd6 17. h4 Rhe8+ 18. Kd1 Rc4 19. Be3 Be7 20.
b3 Rb4 21. Kd2 Bf6 22. Kd3 h5 23. Rac1 Rc8 24. Rxc8 Kxc8 25. Kc3 Rb6 26. Bg5
Kd7 27. Kd3 g6 28. Rc1 Bxg5 29. hxg5 Ke6 30. Rc7 Ra6 31. a4 h4 32. Ke3 h3 33.
Kf4 h2 34. Rc1 Rb6 35. Kg3 Rxb3 36. Kxh2 Rxf3 37. Rc6+ Kd7 38. Ra6 Rxf2+ 39.
Kg3 Rd2 40. Rxa7+ Ke6 41. Ra6+ Ke7 42. Ra7+ Ke6 43. Ra6+ Kf5 44. Rf6+ Kxg5 45.
Rxf7 Rxd4 46. Rd7 Kf5 47. a5 Ke6 48. Rg7 Kf6 49. Rd7 Ke6 50. Rg7 Kf5 51. a6
Rd3+ 52. Kf2 Ra3 53. a7 g5 54. Rf7+ Ke6 55. Rg7 Kf6 56. Rd7 Ra2+ 57. Ke3 Ke5
58. Re7+ Kf5 59. Rd7 Kg4 60. Kd4 Ra5 61. Kc3 Kf4 62. Kb4 Ra1 63. Kb5 g4 64. Kb6
g3 65. Rf7+ Ke4 66. Rg7 Ra3 67. Rxg3 Ra1 68. Rg8 Rxa7 69. Kxa7 d4 70. Kb6 d3
71. Kc5 d2 72. Rd8 Ke3 73. Kc4 Ke2 74. Kc3 d1=Q 75. Rxd1 Kxd1
1/2-1/2

[Event "Hamarturneringen 2018"]
[Site "Hamar"]
[Date "2018.10.04"]
[Round "3"]
[White "Bjørtomt, Erling"]
[Black "Madagov, Ibragim"]
[Result "1/2-1/2"]
[WhiteElo "1497"]
[BlackElo "1560"]
[PlyCount "147"]
[EventDate "2018.??.??"]

1. e4 e5 2. Nf3 Nc6 3. Bb5 a6 4. Ba4 d6 5. d4 b5 6. Bb3 Nxd4 7. Nxd4 exd4 8.
Qxd4 c5 9. Qd5 Be6 10. Qc6+ Bd7 11. Qd5 c4 12. Bxc4 bxc4 13. Qxc4 Nf6 14. Qd4
Qa5+ 15. Nc3 Qe5 16. Be3 Qxd4 17. Bxd4 Be7 18. O-O O-O 19. f4 Be6 20. b3 Rac8
21. Rac1 d5 22. Bxf6 Bxf6 23. Nxd5 Bxd5 24. exd5 Bc3 25. Rcd1 Rfd8 26. Rf3 a5
27. Rdd3 Bb4 28. c4 Bc5+ 29. Kf1 a4 30. g3 f6 31. Rd2 axb3 32. axb3 Ra8 33. Kg2
Ra3 34. h4 Kf7 35. Rb2 Rb8 36. f5 Ke7 37. Rb1 Kd7 38. Rd3 Re8 39. Kf3 Bb4 40.
Rb2 h5 41. Re2 Rxe2 42. Kxe2 Ra1 43. Rd1 Rxd1 44. Kxd1 Bd6 45. g4 hxg4 46. Ke2
Bf4 47. c5 Be5 48. b4 Bc3 49. b5 Bd4 50. c6+ Kd6 51. Kf1 Bb6 52. Kg2 Kxd5 53.
Kg3 Kc5 54. Kxg4 Kd6 55. Kh5 Ke7 56. Kg6 Kf8 57. h5 Bd8 58. h6 gxh6 59. Kxh6
Kf7 60. Kh7 Kf8 61. Kg6 Ke7 62. Kg7 Bb6 63. Kg6 Bd8 64. Kg7 Bc7 65. Kg8 Bd8 66.
Kg7 Bb6 67. Kg8 Bc7 68. Kg7 Ba5 69. Kg6 Bd8 70. Kg7 Bc7 71. Kg8 Bd8 72. Kg7 Ba5
73. Kg8 Bd8 74. Kg7
1/2-1/2